「神宮」がつく駅名 - Statistics

General Stats
  • This quiz has been taken 306 times
  • The average score is 7 of 15
Answer Stats
都府県 駅名 % Correct
愛知県 神宮前
86%
東京都 明治神宮前
84%
奈良県 橿原神宮前
76%
茨城県 鹿島神宮
76%
鹿児島県 霧島神宮
58%
愛知県 熱田神宮西
51%
宮崎県 宮崎神宮
50%
奈良県 橿原神宮西口
43%
愛知県 熱田神宮伝馬町
40%
秋田県 神宮寺
35%
滋賀県 近江神宮前
33%
千葉県 大神宮下
27%
京都府 神宮丸太町
26%
奈良県 吉野神宮
24%
福岡県 香椎神宮
21%
No matching quizzes found
Score Distribution
Percent of People with Each Score
Percentile by Number Answered
Your Score History
You have not taken this quiz